| 000 | 00403nam a2200145 a 4500 | ||
|---|---|---|---|
| 001 | 2971 | ||
| 003 | CDMR | ||
| 005 | 20130116135237.0 | ||
| 008 | 130130s1992||||||||||||||||||||||||||||d | ||
| 040 |
_aCDMR _bcat _cCDMR |
||
| 100 | 1 |
_aNobel, José Luís _92184 |
|
| 245 | 1 | 0 |
_aNueva Imagen fotogalería _cNOBEL, José L. |
| 260 |
_aPamplona _c1992 _bAsociación Nueva Imagen Fotogalería de Navarra |
||
| 942 | _cMON | ||
| 999 |
_c2971 _d2971 |
||